000 00376nam a2200133Ia 4500
008 230917s9999||||xx |||||||||||||| ||und||
040 _e181138
_aMAIN
041 _aEnglish
082 _a34:363.6 U3A
245 4 _aThe air (prevention and control of pollution) act, 1981( act no. 14 of 1981)
260 _aLucknow
_bEastern Book Company
_c1985
300 _a27 p.
942 _cBK
999 _c47730
_d47730